000 00547nam a22001937a 4500
003 NUST - PNEC
005 20170116180802.0
008 150417b xxu||||| |||| 00| 0 eng d
020 _a0340388129
040 _cLIBRARY
082 _a427.09 PHY
100 _92684
_aPhythian, B. A.;
245 _aA Concise Dictionary of English Slang
_cB.A. Phythian
250 _a-
260 _aLondon:
_bHodder & Styoughton,
_cc 1986.
300 _a196 p . :
650 _92685
_aA Concise Dictionary of English Slang
_xEnglish language.
942 _2ddc
_cBK
999 _c63035
_d63035